[Event "RUS-ch Blitz Men 2018"]
[Site "Sochi"]
[Date "2018.10.07"]
[Round "17"]
[White "Tekeyev, Zaur"]
[Black "Lobanov, Sergei"]
[Result "1/2-1/2"]
[WhiteElo "2392"]
[BlackElo "2539"]
[Annotator "ChessBase"]
[PlyCount "171"]
[EventDate "2018.10.07"]
[EventType "swiss"]
[EventCountry "RUS"]
[SourceTitle "playchess.com"]
[Source "ChessBase"]
[SourceQuality "1"]

1. e4 c5 2. Nf3 d6 3. Bb5+ Nd7 4. a4 Ngf6 5. Nc3 g6 6. a5 a6 7. Bc4 e6 8. d4 Bg7 9. d5 e5 10. O-O O-O 11. Bg5 h6 12. Be3 Kh7 13. Nd2 Ne8 14. Be2 f5 15. Nc4 f4 16. Bd2 Ndf6 17. Rb1 Qc7 18. b4 cxb4 19. Rxb4 Nd7 20. Bg4 Nef6 21. Be6 Nc5 22. Bxc8 Raxc8 23. Nb6 Rce8 24. Rc4 Qe7 25. f3 h5 26. Be1 Nfd7 27. Nca4 Nxa4 28. Nxa4 Rc8 29. Qd3 Bf6 30. Bb4 Rfd8 31. Rb1 Nf8 32. Rxc8 Rxc8 33. Nb6 Rc7 34. c4 Nd7 35. Na4 Qf8 36. Rc1 Be7 37. Qe2 Qc8 38. Nb6 Qd8 39. Nxd7 Qxd7 40. Qa2 g5 41. Qf2 g4 42. Qb6 Rc8 43. Kh1 Rg8 44. Qf2 Qa4 45. Qb6 Qd7 46. Rg1 Bf8 47. c5 dxc5 48. Bxc5 Rg6 49. Qb4 Bxc5 50. Qxc5 Kh6 51. Qf8+ Kh7 52. Rc1 gxf3 53. gxf3 Rg7 54. Rg1 Rxg1+ 55. Kxg1 Kg6 56. Kg2 Kh7 57. Qb8 Qg7+ 58. Kf2 Qg5 59. Qc7+ Kg8 60. Qc8+ Kf7 61. Qxb7+ Ke8 62. Qc8+ Ke7 63. Qe6+ Kd8 64. Qd6+ Ke8 65. Qe6+ Kd8 66. d6 Qh4+ 67. Ke2 Qxh2+ 68. Kd3 Qh4 69. Qxe5 Kd7 70. Qd5 Qf2 71. e5 Qe3+ 72. Kc2 Qe2+ 73. Kc3 Qe3+ 74. Kc4 Qc1+ 75. Kb4 Qb2+ 76. Kc5 Qb5+ 77. Kd4 Qb4+ 78. Kd3 Qb1+ 79. Kd2 Qb2+ 80. Kd3 Qb1+ 81. Kd2 Qb2+ 82. Kd3 Qb1+ 83. Kc3 Qc1+ 84. Kb4 Qb2+ 85. Ka4 Qc2+ 86. Kb4 1/2-1/2

[Event "RUS-ch Blitz Men 2018"]
[Site "Sochi"]
[Date "2018.10.07"]
[Round "17"]
[White "Ozgibcev, Anatoly"]
[Black "Belyakov, Bogdan"]
[Result "1/2-1/2"]
[WhiteElo "2368"]
[BlackElo "2458"]
[Annotator "ChessBase"]
[PlyCount "163"]
[EventDate "2018.10.07"]
[EventType "swiss"]
[EventCountry "RUS"]
[SourceTitle "playchess.com"]
[Source "ChessBase"]
[SourceQuality "1"]

1. e4 e5 2. Nf3 Nc6 3. Bc4 Bc5 4. c3 Nf6 5. d4 exd4 6. O-O d6 7. cxd4 Bb6 8. h3 h6 9. Nc3 O-O 10. Qd3 a6 11. a3 Ne7 12. Bf4 Be6 13. Rad1 Ng6 14. Bh2 Bxc4 15. Qxc4 Nxe4 16. Nxe4 d5 17. Qc2 dxe4 18. Qxe4 Rb8 19. d5 Re8 20. Qb4 Qf6 21. d6 Rec8 22. Rfe1 a5 23. Qb5 Nh4 24. Nxh4 Bxf2+ 25. Kh1 Bxe1 26. Nf3 cxd6 27. Nxe1 Rc5 28. Qb3 Qf1+ 29. Bg1 Rb5 30. Qc2 Re8 31. Nf3 Rxb2 32. Qxb2 Qxd1 33. Qxb7 a4 34. Qc6 Rb8 35. Qc7 Rf8 36. Qc3 Qb3 37. Qc1 Re8 38. Nd4 Qd5 39. Nf3 Rb8 40. Qc2 Qb3 41. Qc7 d5 42. Ne5 Rf8 43. Qd6 Re8 44. Nc6 Qb1 45. Qd7 Re1 46. Qa7 Qa1 47. Ne7+ Kh7 48. Nf5 d4 49. Qxd4 Qxd4 50. Nxd4 Ra1 51. Nb5 g5 52. Kh2 f5 53. Bc5 f4 54. Nc3 Rc1 55. Bd4 Rc2 56. Kg1 Rd2 57. Bc5 Rd3 58. Bb4 Kg6 59. Nxa4 Kf5 60. Nc5 Rd1+ 61. Kf2 Rb1 62. Nd3 h5 63. Ne1 g4 64. hxg4+ hxg4 65. Ke2 Rb2+ 66. Kd3 Ra2 67. Nc2 f3 68. gxf3 gxf3 69. Nd4+ Kg4 70. Nxf3 Kxf3 71. Kc4 Ke4 72. Kb5 Kd5 73. a4 Ke6 74. a5 Kd7 75. a6 Kc8 76. Kb6 Rb2 77. Ka5 Kb8 78. Bd6+ Ka8 79. Bc5 Rg2 80. Kb6 Rg5 81. Kb5 Rh5 82. Kb6 1/2-1/2

[Event "RUS-ch Blitz Men 2018"]
[Site "Sochi"]
[Date "2018.10.07"]
[Round "17"]
[White "Derjabin, Ilja"]
[Black "Iljiushenok, Ilia"]
[Result "1-0"]
[WhiteElo "2345"]
[BlackElo "2539"]
[Annotator "ChessBase"]
[PlyCount "63"]
[EventDate "2018.10.07"]
[EventType "swiss"]
[EventCountry "RUS"]
[SourceTitle "playchess.com"]
[Source "ChessBase"]
[SourceQuality "1"]

1. d4 Nf6 2. c4 g6 3. Nc3 d5 4. Bg5 Bg7 5. Nf3 Ne4 6. Bh4 Nxc3 7. bxc3 dxc4 8. e3 Be6 9. Qb1 O-O 10. Qxb7 Bd5 11. Qb2 c5 12. Be2 Nc6 13. O-O Rb8 14. Qa3 cxd4 15. Nxd4 Nxd4 16. cxd4 Rb7 17. Rfc1 Rc7 18. Rab1 Qa8 19. Bf1 Re8 20. Rb5 e6 21. Bg3 Bf8 22. Bd6 Qc6 23. Bxf8 Qxb5 24. Bd6 Rc6 25. Be5 a5 26. e4 Bxe4 27. Qg3 Qb2 28. Qg5 Bf5 29. Qf6 Kf8 30. Bf4 Rec8 31. Bg5 c3 32. Qh8# 1-0

[Event "RUS-ch Blitz Men 2018"]
[Site "Sochi"]
[Date "2018.10.07"]
[Round "17"]
[White "Papenin, Nikolai"]
[Black "Dzhumagaliev, Yan"]
[Result "1-0"]
[WhiteElo "2337"]
[BlackElo "2410"]
[Annotator "NA"]
[PlyCount "67"]
[EventDate "2018.10.07"]
[EventType "swiss"]
[EventCountry "RUS"]
[SourceTitle "playchess.com"]
[Source "ChessBase"]
[SourceQuality "1"]

1. d4 Nf6 2. c4 e6 3. Nc3 d5 4. Nf3 c5 5. cxd5 exd5 6. Bg5 Be6 7. g3 h6 8. Bxf6 Qxf6 9. e4 dxe4 10. Nxe4 Qd8 11. dxc5 Qa5+ 12. Qd2 Qxd2+ 13. Nfxd2 Nc6 14. Bb5 O-O-O 15. O-O-O f5 16. Bxc6 fxe4 17. Bxe4 Bxc5 18. Rhe1 Rhe8 19. Bg6 Re7 20. Rxe6 Rxe6 21. Bf5 Rde8 22. Nb3 Bxf2 23. Rd6 Kc7 24. Rxe6 Rf8 25. g4 Bh4 26. Kc2 Bf6 27. Re4 Kd6 28. Nd4 Kd5 29. Ne6 Rc8+ 30. Kb3 Rc1 31. Nf4+ Kd6 32. Re6+ Kc7 33. Nd5+ Kd8 34. Nxf6 1-0

[Event "RUS-ch Blitz Men 2018"]
[Site "Sochi"]
[Date "2018.10.07"]
[Round "17"]
[White "Ivlev, Aleksey"]
[Black "Timofeev, Artyom"]
[Result "0-1"]
[WhiteElo "2326"]
[BlackElo "2580"]
[Annotator "ChessBase"]
[PlyCount "66"]
[EventDate "2018.10.07"]
[EventType "swiss"]
[EventCountry "RUS"]
[SourceTitle "playchess.com"]
[Source "ChessBase"]
[SourceQuality "1"]

1. d4 d5 2. c4 e6 3. Nf3 c6 4. g3 dxc4 5. Bg2 b5 6. O-O Bb7 7. a4 Nd7 8. Nc3 a6 9. e4 b4 10. Nb1 Ngf6 11. Re1 Be7 12. Nbd2 c5 13. e5 Nd5 14. Nxc4 O-O 15. h4 h6 16. a5 Rc8 17. Ne3 Nxe3 18. Bxe3 c4 19. Nd2 Bxg2 20. Kxg2 f5 21. Qe2 Qc7 22. Rec1 Qb7+ 23. Kg1 c3 24. bxc3 Rxc3 25. Rxc3 bxc3 26. Nf3 Rc8 27. Qa2 Kf7 28. Ne1 g5 29. hxg5 hxg5 30. g4 Rh8 31. Ng2 f4 32. Bc1 Qf3 33. d5 Qd1+ 0-1

[Event "RUS-ch Blitz Men 2018"]
[Site "Sochi"]
[Date "2018.10.07"]
[Round "17"]
[White "Chizhikov, Vladislav"]
[Black "Sadovsky, Artem"]
[Result "1/2-1/2"]
[WhiteElo "2304"]
[BlackElo "2408"]
[Annotator "NA"]
[PlyCount "145"]
[EventDate "2018.10.07"]
[EventType "swiss"]
[EventCountry "RUS"]
[SourceTitle "playchess.com"]
[Source "ChessBase"]
[SourceQuality "1"]

1. e4 g6 2. d4 Bg7 3. Nc3 c6 4. Nf3 d5 5. h3 dxe4 6. Nxe4 Nd7 7. Bd3 Ngf6 8. Nxf6+ Nxf6 9. O-O O-O 10. Re1 Qc7 11. c3 c5 12. Qe2 e6 13. dxc5 Qxc5 14. Be3 Qc7 15. Bd4 b6 16. Be5 Qe7 17. Rad1 Bb7 18. Ba6 Rfd8 19. Bxb7 Qxb7 20. Qb5 a6 21. Qb3 Ne4 22. Bxg7 Kxg7 23. Qb4 a5 24. Qb5 Nc5 25. b4 Qa6 26. Qxa6 Nxa6 27. a3 Rac8 28. Rxd8 Rxd8 29. Re5 a4 30. Nd4 Rc8 31. Nb5 Kf6 32. Re3 Rd8 33. c4 Rd1+ 34. Kh2 Ke7 35. Nc3 Ra1 36. Nb5 Rc1 37. Rc3 Rd1 38. f4 Rd2 39. Kg3 h5 40. Kf3 Rd1 41. h4 Nb8 42. Ke2 Rg1 43. Kf2 Rb1 44. Nd4 Nd7 45. c5 bxc5 46. bxc5 Rd1 47. Ke3 Nf6 48. Rc4 Nd5+ 49. Ke2 Ra1 50. c6 Ra2+ 51. Ke1 Kd8 52. Rxa4 Ra1+ 53. Kf2 Kc7 54. Ra7+ Kb6 55. Rxf7 Ra2+ 56. Kg1 Rxa3 57. Nxe6 Kxc6 58. Rg7 Ra1+ 59. Kh2 Ne3 60. Rxg6 Nf1+ 61. Kh3 Ra3+ 62. g3 Ra2 63. Nd4+ Kd5 64. Nf3 Rf2 65. Rg8 Ke4 66. Ng5+ Kd3 67. Rd8+ Kc4 68. Nf3 Kc3 69. Rd7 Rxf3 70. Kg2 Rxg3+ 71. Kxf1 Rf3+ 72. Kg2 Rxf4 73. Kg3 1/2-1/2

[Event "RUS-ch Blitz Men 2018"]
[Site "Sochi"]
[Date "2018.10.07"]
[Round "17"]
[White "Savitskiy, Sergey"]
[Black "Murzin, Volodar"]
[Result "0-1"]
[WhiteElo "2283"]
[BlackElo "2340"]
[Annotator "NA"]
[PlyCount "56"]
[EventDate "2018.10.07"]
[EventType "swiss"]
[EventCountry "RUS"]
[SourceTitle "playchess.com"]
[Source "ChessBase"]
[SourceQuality "1"]

1. e4 c5 2. Nf3 d6 3. d4 cxd4 4. Nxd4 Nf6 5. Nc3 a6 6. Bg5 e6 7. f4 Be7 8. Qe2 Nbd7 9. O-O-O Qc7 10. g3 h6 11. Bh4 b5 12. Bg2 Bb7 13. a3 Rc8 14. Rhe1 O-O 15. e5 dxe5 16. fxe5 Bxg2 17. exf6 Bxa3 18. bxa3 Qxc3 19. Rd3 Qa1+ 20. Kd2 Qb2 21. fxg7 Rfe8 22. Qxg2 Nc5 23. Qf3 Nxd3 24. Qxd3 Rc4 25. Bf6 e5 26. Bxe5 Rxe5 27. Nf5 Rxc2+ 28. Qxc2 Rd5+ 0-1

[Event "RUS-ch Blitz Men 2018"]
[Site "Sochi"]
[Date "2018.10.07"]
[Round "17"]
[White "Linker, Mikhail"]
[Black "Drygalov, Sergey"]
[Result "1/2-1/2"]
[WhiteElo "2269"]
[BlackElo "2446"]
[Annotator "TA"]
[PlyCount "110"]
[EventDate "2018.10.07"]
[EventType "swiss"]
[EventCountry "RUS"]
[SourceTitle "playchess.com"]
[Source "ChessBase"]
[SourceQuality "1"]

1. d4 Nf6 2. c4 e6 3. g3 c5 4. d5 exd5 5. cxd5 b5 6. d6 Bb7 7. Nf3 Ne4 8. Nc3 Nxc3 9. bxc3 Qf6 10. Qd3 Bxd6 11. Bg5 Qe6 12. Bh3 Qxh3 13. Qxd6 f6 14. Be3 Na6 15. Bxc5 Qe6 16. Qxe6+ dxe6 17. Be3 Nc7 18. a4 a6 19. O-O Bxf3 20. exf3 Kd7 21. c4 bxc4 22. Rac1 Nd5 23. Rxc4 Rac8 24. Rfc1 Rxc4 25. Rxc4 Rb8 26. a5 Rb5 27. Bd2 Rb2 28. Be3 Ra2 29. Bb6 Rb2 30. Be3 Rb3 31. Bd2 Rxf3 32. Rh4 h6 33. Rg4 g5 34. h4 Rd3 35. Be1 h5 36. Rc4 g4 37. Kf1 Ra3 38. Ke2 Ra2+ 39. Kf1 f5 40. Rc1 f4 41. gxf4 Nxf4 42. Rb1 Nd5 43. Rb7+ Kc6 44. Rh7 g3 45. fxg3 Ne3+ 46. Kg1 Ra1 47. Kf2 Ng4+ 48. Ke2 Ra2+ 49. Bd2 Ne5 50. Kd1 Nc4 51. Bg5 Rxa5 52. Rxh5 Ra3 53. Bf4 e5 54. Bxe5 Nxe5 55. Rxe5 Rxg3 1/2-1/2

[Event "RUS-ch Blitz Men 2018"]
[Site "Sochi"]
[Date "2018.10.07"]
[Round "18"]
[White "Artemiev, Vladislav"]
[Black "Ponkratov, Pavel"]
[Result "1-0"]
[WhiteElo "2706"]
[BlackElo "2628"]
[Annotator "TA"]
[PlyCount "95"]
[EventDate "2018.10.07"]
[EventType "swiss"]
[EventCountry "RUS"]
[SourceTitle "playchess.com"]
[Source "ChessBase"]
[SourceQuality "1"]

1. Nf3 c5 2. e4 b6 3. g3 Bb7 4. Qe2 Nc6 5. Bg2 g6 6. O-O Bg7 7. Rd1 e6 8. c3 Nge7 9. d4 d5 10. dxc5 bxc5 11. exd5 exd5 12. Be3 Qb6 13. b4 d4 14. bxc5 d3 15. Qxd3 Qc7 16. Bf4 Qc8 17. Nbd2 O-O 18. Ne4 Ba6 19. Qc2 Na5 20. Nd4 Nd5 21. Bd6 Re8 22. Ng5 Bb7 23. Rab1 Nf6 24. Bxb7 Nxb7 25. Nxf7 Nxc5 26. Ng5 Nfe4 27. Ndf3 h6 28. Nxe4 Nxe4 29. Be5 Nxc3 30. Qxg6 Rxe5 31. Nxe5 Nxb1 32. Rxb1 Qe8 33. Qxe8+ Rxe8 34. Nc6 Re2 35. Rb8+ Kh7 36. a4 Rc2 37. Rc8 Bd4 38. Rc7+ Kh8 39. Kg2 Bb6 40. Rc8+ Kh7 41. Kh3 Bxf2 42. Kg4 Be1 43. Kf5 Rf2+ 44. Ke6 Rxh2 45. Rc7+ Kg6 46. Ne5+ Kh5 47. g4+ Kh4 48. Nf3+ 1-0

[Event "RUS-ch Blitz Men 2018"]
[Site "Sochi"]
[Date "2018.10.07"]
[Round "18"]
[White "Dubov, Daniil"]
[Black "Alekseev, Evgeny"]
[Result "1-0"]
[WhiteElo "2703"]
[BlackElo "2620"]
[Annotator "TA"]
[PlyCount "69"]
[EventDate "2018.10.07"]
[EventType "swiss"]
[EventCountry "RUS"]
[SourceTitle "playchess.com"]
[Source "ChessBase"]
[SourceQuality "1"]

1. c4 e6 2. Nc3 d5 3. d4 Bb4 4. cxd5 exd5 5. Bf4 c6 6. e3 Ne7 7. Bd3 Bf5 8. Bxf5 Nxf5 9. Nge2 O-O 10. Qc2 Nh4 11. O-O-O Nd7 12. g4 Re8 13. Kb1 Rc8 14. Bg3 Nf8 15. Nf4 Be7 16. Nce2 Qd7 17. h3 Ne6 18. Nd3 Qd8 19. f4 c5 20. dxc5 Nxc5 21. Bxh4 Bxh4 22. Nxc5 b6 23. Nc3 Rxc5 24. Qd3 d4 25. exd4 Rc7 26. d5 Rd7 27. g5 Bf2 28. Ne4 Bc5 29. Nxc5 bxc5 30. Rhe1 Rf8 31. d6 Qb6 32. Re7 Rb8 33. b3 Rbd8 34. Qe4 g6 35. Rxd7 1-0

[Event "RUS-ch Blitz Men 2018"]
[Site "Sochi"]
[Date "2018.10.07"]
[Round "18"]
[White "Matlakov, Maxim"]
[Black "Gordievsky, Dmitry"]
[Result "0-1"]
[WhiteElo "2683"]
[BlackElo "2615"]
[Annotator "TA"]
[PlyCount "108"]
[EventDate "2018.10.07"]
[EventType "swiss"]
[EventCountry "RUS"]
[SourceTitle "playchess.com"]
[Source "ChessBase"]
[SourceQuality "1"]

1. d4 Nf6 2. Bf4 d5 3. e3 e6 4. Nd2 Bd6 5. Ngf3 O-O 6. Bd3 b6 7. c3 Bb7 8. O-O Ne4 9. Qc2 f5 10. c4 c6 11. Bxd6 Qxd6 12. Ne5 Nd7 13. Nxd7 Qxd7 14. Nf3 Nf6 15. cxd5 cxd5 16. Ne5 Qd6 17. Rac1 Rfc8 18. Qa4 a5 19. Bb5 Rc7 20. Rc3 Rac8 21. Rfc1 Ne4 22. R3c2 Nf6 23. f3 Rxc2 24. Rxc2 Rc7 25. Bd3 Kf8 26. Rc3 Rxc3 27. bxc3 Ke7 28. Bb5 g5 29. h3 Qc7 30. Qa3+ Qd6 31. Qb3 Qc7 32. Kf2 Qd6 33. g4 Kf8 34. c4 dxc4 35. Bxc4 Bd5 36. gxf5 exf5 37. Qb5 Kg7 38. Bd3 f4 39. e4 Bxa2 40. Qb2 Be6 41. d5 Bxh3 42. Nc4 Qc5+ 43. Ke2 Qg1 44. Qxb6 Bf1+ 45. Kd2 Qg2+ 46. Kc3 Qxf3 47. Qc7+ Kh6 48. Ne5 Nxe4+ 49. Kc4 Bxd3+ 50. Nxd3 Nf6 51. Qxa5 Qe4+ 52. Kc3 Nxd5+ 53. Kc2 Qe2+ 54. Kc1 Qxd3 0-1

[Event "RUS-ch Blitz Men 2018"]
[Site "Sochi"]
[Date "2018.10.07"]
[Round "18"]
[White "Morozevich, Alexander"]
[Black "Alekseenko, Kirill"]
[Result "1-0"]
[WhiteElo "2656"]
[BlackElo "2639"]
[Annotator "TA"]
[PlyCount "76"]
[EventDate "2018.10.07"]
[EventType "swiss"]
[EventCountry "RUS"]
[SourceTitle "playchess.com"]
[Source "ChessBase"]
[SourceQuality "1"]

1. e4 c5 2. Nf3 Nc6 3. d4 cxd4 4. Nxd4 Nf6 5. Nc3 d6 6. f3 e5 7. Nb3 Be7 8. Be3 O-O 9. Qd2 a5 10. Bb5 Be6 11. Rd1 Qb8 12. O-O Rc8 13. a3 h6 14. Kh1 Bf8 15. Nd5 Bxd5 16. exd5 Ne7 17. Nxa5 Nexd5 18. Bg1 Nc7 19. Bd3 d5 20. c4 d4 21. Bf5 Re8 22. f4 e4 23. Nb3 g6 24. Bxd4 Ra6 25. Bh3 Rc6 26. Na5 Rd6 27. Qe2 e3 28. Be5 Rxd1 29. Rxd1 Rd8 30. Bxf6 Rxd1+ 31. Qxd1 Ne6 32. Be5 Qc8 33. Qe2 b5 34. Qxe3 Qd8 35. Bc3 Bc5 36. Qd2 Qh4 37. Bxe6 fxe6 38. cxb5 Qh5 1-0

[Event "RUS-ch Blitz Men 2018"]
[Site "Sochi"]
[Date "2018.10.07"]
[Round "18"]
[White "Sjugirov, Sanan"]
[Black "Chigaev, Maksim"]
[Result "1-0"]
[WhiteElo "2654"]
[BlackElo "2599"]
[Annotator "TA"]
[PlyCount "74"]
[EventDate "2018.10.07"]
[EventType "swiss"]
[EventCountry "RUS"]
[SourceTitle "playchess.com"]
[Source "ChessBase"]
[SourceQuality "1"]

1. e4 g6 2. d4 Bg7 3. Nc3 d6 4. Be3 a6 5. Qd2 b5 6. f3 Nd7 7. h4 h5 8. Nh3 Bb7 9. Ng5 e6 10. O-O-O Qe7 11. Ne2 Ngf6 12. Nf4 e5 13. dxe5 Nxe5 14. Kb1 Rb8 15. Be2 O-O 16. Ba7 Rbd8 17. Bd4 c5 18. Bf2 d5 19. exd5 Nxd5 20. Nxd5 Bxd5 21. Qf4 Nc4 22. Bxc4 bxc4 23. c3 Qb7 24. Ka1 Rfe8 25. Rhe1 Rxe1 26. Rxe1 Rb8 27. Qd2 Qc6 28. Rd1 Qb5 29. g4 hxg4 30. fxg4 Ba8 31. h5 Qe8 32. hxg6 f6 33. Nf7 Qe4 34. Nh6+ Kh8 35. Nf5 Qxg4 36. Qd7 Qxg6 37. Rg1 Bc6 1-0

[Event "RUS-ch Blitz Men 2018"]
[Site "Sochi"]
[Date "2018.10.07"]
[Round "18"]
[White "Riazantsev, Alexander"]
[Black "Moiseenko, Vadim"]
[Result "1-0"]
[WhiteElo "2649"]
[BlackElo "2492"]
[Annotator "TA"]
[PlyCount "91"]
[EventDate "2018.10.07"]
[EventType "swiss"]
[EventCountry "RUS"]
[SourceTitle "playchess.com"]
[Source "ChessBase"]
[SourceQuality "1"]

1. d4 e6 2. c4 b6 3. e4 Bb7 4. Bd3 Bb4+ 5. Kf1 Be7 6. Nc3 d6 7. Nf3 Nd7 8. h4 h6 9. Qe2 Ngf6 10. Bd2 e5 11. d5 Nc5 12. Bc2 a5 13. g3 Bc8 14. Kg2 Bg4 15. Qe3 Qc8 16. Ng1 Bd7 17. f3 a4 18. Nge2 Qa6 19. Bd3 Nxd3 20. Qxd3 c6 21. dxc6 Bxc6 22. Nb5 Bxb5 23. cxb5 Qb7 24. Nc3 O-O 25. Rac1 d5 26. Nxd5 Nxd5 27. exd5 Rfd8 28. Rc6 Rxd5 29. Qxd5 Rd8 30. Qxe5 Rxd2+ 31. Kh3 Qd7+ 32. g4 Bf8 33. Rxb6 Qd3 34. Qe4 Qd8 35. Rc6 Rxb2 36. b6 Qd2 37. f4 Rxa2 38. g5 h5 39. Qf3 Ra3 40. Qxa3 Bxa3 41. b7 Qe3+ 42. Kg2 Qe2+ 43. Kg3 Qe3+ 44. Kg2 Qe4+ 45. Kg3 Qb4 46. Rc8+ 1-0

[Event "RUS-ch Blitz Men 2018"]
[Site "Sochi"]
[Date "2018.10.07"]
[Round "18"]
[White "Sarana, Alexey"]
[Black "Bocharov, Ivan"]
[Result "1/2-1/2"]
[WhiteElo "2641"]
[BlackElo "2563"]
[Annotator "TA"]
[PlyCount "67"]
[EventDate "2018.10.07"]
[EventType "swiss"]
[EventCountry "RUS"]
[SourceTitle "playchess.com"]
[Source "ChessBase"]
[SourceQuality "1"]

1. d4 d5 2. Nf3 Nf6 3. c4 c6 4. e3 Bf5 5. Nc3 a6 6. Qb3 Ra7 7. Nh4 Bc8 8. Qc2 e6 9. Nf3 dxc4 10. Bxc4 c5 11. dxc5 Bxc5 12. O-O Nbd7 13. a3 b5 14. Ba2 Rc7 15. Rd1 Bb7 16. Qe2 Qa8 17. b4 Be7 18. Bb2 O-O 19. Rac1 Rfc8 20. Bb1 Bxf3 21. Qxf3 Qxf3 22. gxf3 Ne5 23. Ne4 Rxc1 24. Rxc1 Rxc1+ 25. Bxc1 Nxf3+ 26. Kg2 Ne5 27. Nxf6+ Bxf6 28. Be4 Bd8 29. Bb7 a5 30. Ba6 axb4 31. axb4 Nd3 32. Bd2 Be7 33. Bxb5 Bxb4 34. Bxd3 1/2-1/2

[Event "RUS-ch Blitz Men 2018"]
[Site "Sochi"]
[Date "2018.10.07"]
[Round "18"]
[White "Rakhmanov, Aleksandr"]
[Black "Savchenko, Boris"]
[Result "0-1"]
[WhiteElo "2634"]
[BlackElo "2562"]
[Annotator "TA"]
[PlyCount "62"]
[EventDate "2018.10.07"]
[EventType "swiss"]
[EventCountry "RUS"]
[SourceTitle "playchess.com"]
[Source "ChessBase"]
[SourceQuality "1"]

1. c4 e5 2. Nf3 e4 3. Nd4 Nc6 4. Nxc6 dxc6 5. Nc3 Nf6 6. e3 Bf5 7. Qb3 b6 8. Qc2 Qd7 9. h3 h5 10. b3 a5 11. Bb2 h4 12. Be2 Bg6 13. Rg1 Bb4 14. a3 Bc5 15. Na4 Be7 16. Be5 Kf8 17. Nc3 Rd8 18. Bf4 Re8 19. Be5 Bd8 20. Bf4 Nh5 21. Bh2 Be7 22. Kd1 Qf5 23. Rf1 Bd6 24. Bxd6+ cxd6 25. Kc1 Qg5 26. Rg1 Qf6 27. Rf1 d5 28. Qb2 d4 29. exd4 Nf4 30. b4 Qxd4 31. Qb3 Nxe2+ 0-1

[Event "RUS-ch Blitz Men 2018"]
[Site "Sochi"]
[Date "2018.10.07"]
[Round "18"]
[White "Kobalia, Mikhail"]
[Black "Paravyan, David"]
[Result "1/2-1/2"]
[WhiteElo "2620"]
[BlackElo "2629"]
[Annotator "TA"]
[PlyCount "99"]
[EventDate "2018.10.07"]
[EventType "swiss"]
[EventCountry "RUS"]
[SourceTitle "playchess.com"]
[Source "ChessBase"]
[SourceQuality "1"]

1. e4 e5 2. Nf3 Nc6 3. Bb5 g6 4. d4 exd4 5. Bg5 Be7 6. Bxe7 Qxe7 7. Bxc6 dxc6 8. Qxd4 Nf6 9. Nc3 Bg4 10. O-O-O Bxf3 11. gxf3 a5 12. Qe3 Nd7 13. Ne2 O-O-O 14. Qa7 Qc5 15. Qxc5 Nxc5 16. h4 Ne6 17. h5 Rxd1+ 18. Kxd1 Ng5 19. Ng1 Re8 20. hxg6 hxg6 21. Rh2 Kd7 22. Rg2 Ne6 23. Ne2 Rh8 24. Kd2 Rh3 25. Ke3 a4 26. Rg1 Ke7 27. Nf4 Nxf4 28. Kxf4 Rh5 29. Ke3 Rb5 30. b3 Ra5 31. Rh1 Ra8 32. f4 Rd8 33. Rb1 axb3 34. axb3 Ra8 35. Rh1 c5 36. Rg1 b6 37. Rg5 Ra1 38. f5 gxf5 39. Rxf5 Re1+ 40. Kd3 Rd1+ 41. Ke2 Rc1 42. Kd2 Rf1 43. e5 Ke6 44. Rf6+ Kxe5 45. Rxf7 Ke6 46. Rf3 Kd5 47. Rd3+ Ke5 48. Ke3 Re1+ 49. Kd2 Rf1 50. Ke3 1/2-1/2

[Event "RUS-ch Blitz Men 2018"]
[Site "Sochi"]
[Date "2018.10.07"]
[Round "18"]
[White "Esipenko, Andrey"]
[Black "Oparin, Grigoriy"]
[Result "1/2-1/2"]
[WhiteElo "2609"]
[BlackElo "2624"]
[Annotator "ChessBase"]
[PlyCount "61"]
[EventDate "2018.10.07"]
[EventType "swiss"]
[EventCountry "RUS"]
[SourceTitle "playchess.com"]
[Source "ChessBase"]
[SourceQuality "1"]

1. d4 Nf6 2. Nf3 b6 3. Bg5 Bb7 4. Bxf6 gxf6 5. e3 e6 6. g3 c5 7. Bg2 cxd4 8. exd4 d5 9. O-O Bg7 10. c3 O-O 11. Re1 Nd7 12. Nbd2 Qc7 13. Nh4 b5 14. a3 a5 15. Nb3 f5 16. Nf3 b4 17. cxb4 axb4 18. a4 Rfc8 19. Bf1 Nb6 20. Nc5 Nc4 21. b3 Nd6 22. Rc1 Qb6 23. Ne5 Ne4 24. Nxe4 dxe4 25. Qh5 Bxe5 26. dxe5 Bd5 27. Qg5+ Kf8 28. Qh6+ Kg8 29. Qg5+ Kf8 30. Qh6+ Kg8 31. Qg5+ 1/2-1/2

[Event "RUS-ch Blitz Men 2018"]
[Site "Sochi"]
[Date "2018.10.07"]
[Round "18"]
[White "Kryakvin, Dmitry"]
[Black "Grachev, Boris"]
[Result "0-1"]
[WhiteElo "2595"]
[BlackElo "2626"]
[Annotator "TA"]
[PlyCount "52"]
[EventDate "2018.10.07"]
[EventType "swiss"]
[EventCountry "RUS"]
[SourceTitle "playchess.com"]
[Source "ChessBase"]
[SourceQuality "1"]

1. d4 Nf6 2. Bg5 g6 3. Bxf6 exf6 4. c4 d5 5. cxd5 Qxd5 6. Nc3 Qd8 7. e3 c6 8. g3 Bd6 9. Bg2 f5 10. Nf3 O-O 11. O-O Nd7 12. Nd2 Nb6 13. Qe2 Be6 14. b3 Re8 15. Nc4 Bb4 16. Qd3 Bxc3 17. Qxc3 Bd5 18. Nxb6 axb6 19. a4 h5 20. h4 Bxg2 21. Kxg2 Qd5+ 22. Kg1 Qf3 23. Qb4 g5 24. hxg5 h4 25. Kh2 Kg7 26. gxh4 Re4 0-1

[Event "RUS-ch Blitz Men 2018"]
[Site "Sochi"]
[Date "2018.10.07"]
[Round "18"]
[White "Timofeev, Artyom"]
[Black "Ivlev, Aleksey"]
[Result "1-0"]
[WhiteElo "2580"]
[BlackElo "2326"]
[Annotator "ChessBase"]
[PlyCount "49"]
[EventDate "2018.10.07"]
[EventType "swiss"]
[EventCountry "RUS"]
[SourceTitle "playchess.com"]
[Source "ChessBase"]
[SourceQuality "1"]

1. e4 c6 2. d4 d5 3. f3 e6 4. Nc3 Nf6 5. Be3 Qb6 6. Rb1 Bb4 7. e5 Nfd7 8. f4 c5 9. Nf3 Nc6 10. Be2 cxd4 11. Nxd4 Nxd4 12. Bxd4 Qc7 13. O-O O-O 14. Nb5 Qb8 15. Be3 Be7 16. Kh1 Nc5 17. c4 dxc4 18. Bxc4 a6 19. Nd6 Bxd6 20. exd6 Nd7 21. f5 Ne5 22. Bf4 Nxc4 23. d7 e5 24. d8=Q exf4 25. Qxf8+ 1-0

[Event "RUS-ch Blitz Men 2018"]
[Site "Sochi"]
[Date "2018.10.07"]
[Round "18"]
[White "Pridorozhni, Aleksei"]
[Black "Rozum, Ivan"]
[Result "1-0"]
[WhiteElo "2574"]
[BlackElo "2573"]
[Annotator "ChessBase"]
[PlyCount "79"]
[EventDate "2018.10.07"]
[EventType "swiss"]
[EventCountry "RUS"]
[SourceTitle "playchess.com"]
[Source "ChessBase"]
[SourceQuality "1"]

1. b4 e5 2. a3 g6 3. Bb2 Bg7 4. c4 d6 5. g3 f5 6. Bg2 Nf6 7. Nc3 O-O 8. d3 Nc6 9. Nf3 h6 10. O-O Be6 11. Ne1 a6 12. Nd5 Qd7 13. f4 Rae8 14. Nc2 g5 15. Nce3 exf4 16. gxf4 g4 17. Nxf6+ Bxf6 18. Bxf6 Rxf6 19. Qd2 Nd4 20. Rae1 Bf7 21. Nd5 Rg6 22. Qb2 c5 23. Kh1 h5 24. e3 h4 25. exd4 h3 26. dxc5 hxg2+ 27. Qxg2 dxc5 28. bxc5 Rge6 29. Re5 Qc6 30. d4 Bg6 31. Rfe1 Kf7 32. Qe2 Qd7 33. Rxe6 Rxe6 34. Qxe6+ Qxe6 35. Rxe6 Kxe6 36. Kg2 Kf7 37. Kg3 Kg7 38. Kh4 Kh6 39. Ne7 Bh7 40. d5 1-0

[Event "RUS-ch Blitz Men 2018"]
[Site "Sochi"]
[Date "2018.10.07"]
[Round "18"]
[White "Yuffa, Daniil"]
[Black "Tomashevsky, Evgeny"]
[Result "1/2-1/2"]
[WhiteElo "2563"]
[BlackElo "2705"]
[Annotator "TA"]
[PlyCount "87"]
[EventDate "2018.10.07"]
[EventType "swiss"]
[EventCountry "RUS"]
[SourceTitle "playchess.com"]
[Source "ChessBase"]
[SourceQuality "1"]

1. d4 d5 2. c4 e6 3. Nf3 Nf6 4. g3 Be7 5. Bg2 O-O 6. O-O dxc4 7. Qc2 b6 8. Qxc4 Bb7 9. Rd1 c5 10. Nc3 Qc8 11. Bg5 cxd4 12. Qxd4 h6 13. Bf4 Nc6 14. Qa4 Rd8 15. Rxd8+ Qxd8 16. Rd1 Qe8 17. Ne5 Rc8 18. Nxc6 Bxc6 19. Bxc6 Qxc6 20. Qxa7 Bb4 21. Rd3 Ra8 22. Qc7 Qxc7 23. Bxc7 Bxc3 24. Rxc3 Nd5 25. Rc1 Rxa2 26. Be5 f6 27. Bd4 Ra4 28. Bc3 Kf7 29. Bd2 h5 30. f3 Rd4 31. Rc2 b5 32. Kf2 e5 33. e4 Ne7 34. Ke3 Ra4 35. Rc5 Rd4 36. Rxb5 Nc6 37. Rc5 Nb4 38. Bc3 Nc2+ 39. Ke2 Ra4 40. Bxe5 Na1 41. Bc3 Nb3 42. Rb5 Nc1+ 43. Kd2 Ra1 44. b4 1/2-1/2